| 000 | 00564nam a2200169 a 4500 | ||
|---|---|---|---|
| 001 | 6968 | ||
| 005 | 20180713190840.0 | ||
| 008 | 140415s1989 000 0 spa d | ||
| 041 | _aspa | ||
| 082 |
_a650.14 _bKRA |
||
| 100 | 1 | _aKRANNICH, RONALD L. | |
| 245 | 1 | 0 |
_aNETWORK YOUR WAY TO JOB AND CAREER SUCCESS : _bTHE COMPLETE GUIDE TO CREATING NEW OPPORTUNITIES |
| 260 |
_a[s.l.] : _bIMPACT PUBLICATIONS, _c1989 |
||
| 300 | _a147 | ||
| 650 | 1 | 4 |
_aADMINISTRACION DE PERSONAL _xAPTITUD DE MANDO _xTRABAJO SOCIAL |
| 700 | 1 |
_aKRANNNICH, CARYL RAE _ecoaut. |
|
| 999 |
_c6968 _d6968 |
||